The Americas Geography By Letter K - Picture Quiz - Statistics

General Stats
  • This quiz has been taken 432 times
  • The average score is 7 of 18
Answer Stats
Picture Hint Answer % Correct
(state) Kentucky
94%
(animal) Killer Whale
85%
(city) Kingston
85%
{Kansas} City
80%
{Kennedy} Space Center
76%
{Klondike} Gold Rush
67%
(capital city) Kingstown
66%
(celebration) Kwanzaa
51%
(island) Kauaʻi
39%
(island) Kodiak
38%
(animal) Kingfisher
35%
(volcano) Kilauea
11%
(national park) {Kobuk} Valley
7%
(animal) {Keel}-billed Toucan
6%
(city) Key West
6%
{Kasha}-{Katuwe} Tent Rocks
3%
{Kalalau} Beach
1%
(lake) Kootenay
1%
No matching quizzes found
Score Distribution
Percent of People with Each Score
Percentile by Number Answered
Your Score History
You have not taken this quiz